El Genocidio silencioso: experiencias desde América Latina /
Պահպանված է:
| Հիմնական հեղինակ: | |
|---|---|
| Ձևաչափ: | Տեքստ |
| Խորագրեր: | |
| Ցուցիչներ: |
Ավելացրեք ցուցիչ
Չկան պիտակներ, Եղեք առաջինը, ով նշում է այս գրառումը!
|
MARC
| LEADER | 00000 a a2200000 04500 | ||
|---|---|---|---|
| 001 | 9647 | ||
| 003 | |||
| 040 | |||
| 100 | |a Ravinovich, Silvana | ||
| 245 | |a El Genocidio silencioso: |b experiencias desde América Latina / |c Silvana Ravinovich | ||
| 650 | |a GENOCIDIO | ||
| 650 | |a HISTORIA SOCIAL | ||
| 773 | |g volumen 7, número 28; páginas 78-86 | ||
| 999 | |c 36276 |d 36276 | ||
